Paisajes y pastoras en las Serranillas del Marqués de Santillana / (Record no. 129344)

MARC details
000 -LEADER
campo de control de longitud fija 00706nam a2200193 i 4500
001 - NÚMERO DE CONTROL
campo de control 129344
003 - IDENTIFICADOR DE NÚMERO DE CONTROL
campo de control ES-MaACL
005 - FECHA Y HORA DE LA ÚLTIMA TRANSACCIÓN
campo de control 20250605122950.0
007 - CAMPO FIJO DE DESCRIPCIÓN FÍSICA--INFORMACIÓN GENERAL
campo de control de longitud fija t|
008 - DATOS DE LONGITUD FIJA--INFORMACIÓN GENERAL
campo de control de longitud fija 070612s1950 sp ||||1| spa d
100 1# - ENTRADA PRINCIPAL--NOMBRE DE PERSONA
Nombre de persona Terrero, José.
9 (RLIN) 109785
245 10 - MENCIÓN DEL TÍTULO
Título Paisajes y pastoras en las Serranillas del Marqués de Santillana /
Mención de responsabilidad, etc. por José Terrero.
260 ## - PUBLICACIÓN, DISTRIBUCIÓN, ETC.
Lugar de publicación, distribución, etc. Madrid :
Nombre del editor, distribuidor, etc. [s.n.],
Fecha de publicación, distribución, etc. 1950.
300 ## - DESCRIPCIÓN FÍSICA
Extensión 34 p. :
Otras características físicas il. ;
Dimensiones 25 cm.
500 ## - NOTA GENERAL
Nota general Es Separata de Cuadernos de Literatura. Fasc. 19-20-21. Enero-Junio 1950.
600 14 - PUNTO DE ACCESO ADICIONAL DE MATERIA--NOMBRE DE PERSONA
Nombre de persona Santillana, Iñigo López de Mendoza, Marqués de,
Fechas asociadas al nombre 1398-1458-
Subdivisión general Crítica e interpretación
9 (RLIN) 103422
852 ## - LOCALIZACIÓN
Ubicación ES-MaACL
Número de control de estantería 1928-F-17
Sublocalización o colección R.31392
Holdings
Estatus retirado Estado de pérdida Estado de daño No para préstamo Colección Biblioteca de origen Biblioteca actual Ubicación en estantería Fecha de adquisición Fuente de adquisición Total de préstamos Signatura topográfica completa Código de barras Visto por última vez Precio de reemplazo Tipo de ítem Koha
        Colección de folletos Biblioteca del Ateneo de Madrid Biblioteca del Ateneo de Madrid Depósito folletos 17/01/2008     1928-F-17 1134695 23/02/2023 23/02/2023 Folleto